History Quiz

Random History or Politics Quiz
Score 0/24 Timer 06:00
1 Play Today
Year % Correct
221–206 BCQin 秦
97.1%
1368–1644 or 1662Ming 明
93.2%
206 or 202 BC–9 AD, 23-25 ADWestern Han 西漢
92%
25–220Eastern Han 東漢
92%
1636 or 1644–1911Qing 清
89.7%
618–907Tang 唐
84.6%
960–1127Northern Song 北宋
84%
1127–1279Southern Song 南宋
83.9%
1271–1368Yuan 元
82.3%
1029–771 BCWestern Zhou 西周
81.5%
770–256 BCEastern Zhou 東周
81.5%
2070–1600 BCXia 夏
79.8%
Year % Correct
1038–1227Western Xia 西夏
79.8%
1600–1029 BCShang 商
78.2%
265–317Western Jin 西晉
72.6%
317–420Eastern Jin 東晉
72.6%
1115–1234Jin 金
71.4%
581–618Sui 隋
61.3%
9–23 ADXin 新
54.9%
220–265 or 280Three Kingdoms 三國
54.1%
907 or 916–1125Liao 遼
49.6%
907–960Five Dynasties and Ten Kingdoms 五代十國
45.9%
386 or 420–589Southern and Northern Dynasties 南北朝
30.2%
2500-2070 BCThree Sovereigns and the Five Emperors 三皇五帝
27%
Remove Ads.
Support Sporcle.
Get the best of Sporcle when you Go Orange. This ad-free experience offers more features, more stats, and more fun while also helping to support Sporcle. Thank you for becoming a member.

You're not logged in!

Compare scores with friends on all Sporcle quizzes.
OR
Log In

Show Comments

Extras

Top Quizzes Today


Score Distribution

Your Account Isn't Verified!

In order to create a playlist on Sporcle, you need to verify the email address you used during registration. Go to your Sporcle Settings to finish the process.

Report this User

Report this user for behavior that violates our Community Guidelines.

Details: